000 00937nam a22002537i 4500
003 URS
999 _c58450
_d58450
005 20220818135501.0
008 200803| a|||| |||| 00| 0 eng d
050 1 4 _aHD 30.24
_bB492 2019
100 1 _aBilingon, Ma. Cristina Q.
245 1 0 _aEstablishment of herbs garden and store in Barangay Sampaloc, Tanay, Rizal /
_cMa. Cristina Q. Bilingon, Manelyn S. Gravillo, Kris L. Alberio.
260 _c2019
300 _axx, 121 leaves :
_billustrations (some colour) ;
_c28 cm
336 _2rdacontent
_atext
337 _2rdamedia
_aunmediated
338 _2rdacarier
_avolume
502 _aThesis
_bBSBA
_cUniversity of Rizal System Tanay
_d2019
504 _aIncludes bibliographical references.
650 0 _aFeasibility studies
_zTanay (Rizal, Philippines)
700 1 _aGravillo, Manelyn S.
_eauthor
700 1 _aAlberio, Kris L.
_eauthor
700 _aCadion, Esmeralda P.
_edegree supervisor
942 _2lcc
_cT